Lincoln at Gettysburg : (Record no. 200)

000 -LEADER
fixed length control field 01308pam a2200361 a 4500
001 - CONTROL NUMBER
control field 3448279
003 - CONTROL NUMBER IDENTIFIER
control field OSt
005 - DATE AND TIME OF LATEST TRANSACTION
control field 20210417112446.0
008 - FIXED-LENGTH DATA ELEMENTS--GENERAL INFORMATION
fixed length control field 920127s1992 nyu b 001 0 eng
010 ## - LIBRARY OF CONGRESS CONTROL NUMBER
LC control number 92003546
020 ## - INTERNATIONAL STANDARD BOOK NUMBER
International Standard Book Number 0671769561
040 ## - CATALOGING SOURCE
Original cataloging agency DLC
Transcribing agency DLC
Modifying agency DLC
050 00 - LIBRARY OF CONGRESS CALL NUMBER
Classification number E475.55
Item number .W54 1992
080 ## - UNIVERSAL DECIMAL CLASSIFICATION NUMBER
Universal Decimal Classification number 92
Item number W-69
082 00 - DEWEY DECIMAL CLASSIFICATION NUMBER
Classification number 973.7/092
Edition number 20
100 1# - MAIN ENTRY--PERSONAL NAME
Personal name Wills, Garry,
Dates associated with a name 1934-
245 10 - TITLE STATEMENT
Title Lincoln at Gettysburg :
Remainder of title the words that remade America /
Statement of responsibility, etc. Garry Wills.
260 ## - PUBLICATION, DISTRIBUTION, ETC.
Place of publication, distribution, etc. New York :
Name of publisher, distributor, etc. Simon & Schuster,
Date of publication, distribution, etc. c1992.
300 ## - PHYSICAL DESCRIPTION
Extent 317 p. ;
Dimensions 24 cm.
365 ## - TRADE PRICE
Price amount 14 usd
504 ## - BIBLIOGRAPHY, ETC. NOTE
Bibliography, etc. note Includes bibliographical references (p. 267-304) and indexes.
600 10 - SUBJECT ADDED ENTRY--PERSONAL NAME
Personal name Lincoln, Abraham,
Dates associated with a name 1809-1865.
Title of a work Gettysburg address.
600 10 - SUBJECT ADDED ENTRY--PERSONAL NAME
Personal name Lincoln, Abraham,
Dates associated with a name 1809-1865
General subdivision Oratory.
650 ## - SUBJECT ADDED ENTRY--TOPICAL TERM
Source of heading or term History of USA
650 ## - SUBJECT ADDED ENTRY--TOPICAL TERM
Source of heading or term President
653 ## - INDEX TERM--UNCONTROLLED
Uncontrolled term ისტორია
653 ## - INDEX TERM--UNCONTROLLED
Uncontrolled term ამერიკის შეერთებული შტატები
653 ## - INDEX TERM--UNCONTROLLED
Uncontrolled term პრეზიდენტები
856 41 - ELECTRONIC LOCATION AND ACCESS
Materials specified Table of contents
Uniform Resource Identifier <a href="http://www.loc.gov/catdir/toc/fy0604/92003546.html">http://www.loc.gov/catdir/toc/fy0604/92003546.html</a>
906 ## - LOCAL DATA ELEMENT F, LDF (RLIN)
a 7
b cbc
c orignew
d 1
e ocip
f 19
g y-gencatlg
942 ## - ADDED ENTRY ELEMENTS (KOHA)
Source of classification or shelving scheme
Koha item type Books
Holdings
Withdrawn status Lost status Source of classification or shelving scheme Damaged status Not for loan Permanent location Current location Date acquired Inventory number Full call number Barcode Date last seen Price effective from Koha item type
          Ken Walker International University Ken Walker International University 11/12/2020 298 92 W-69 298 11/12/2020 11/12/2020 Books

Powered by Koha